Arthurian interpretations.

Bibliographic Details
New Title:Quondam et futurus
Previous Title:Interpretations (Memphis, Tenn.)
Corporate Author: Memphis State University. Department of English
Format: Journal
Language:English
Published: Memphis, Tenn. : Dept. of English, Memphis State University, 1986-1990.
Subjects:
Online Availability: Check for online availability

MARC

Tag First Indicator Second Indicator Subfields
LEADER 00000cas a2200000 a 4500
001 in00002784738
005 20151202172150.0
006 m d
007 cr bn||||||abp
007 cr bn||||||ada
008 100326d19861990tnufr poo 0 0eng c
010 |a  2011235717 
022 |l 0890-4944  |y 0890-4944  |y 0890-4944 
029 1 |a NZ1  |b 13872330 
035 |a (OCoLC)ocn580352949 
035 |a (OCoLC)580352949 
040 |a OCLCE  |b eng  |c OCLCE  |d EYM  |d HUL  |d TXA  |d UtOrBLW 
042 |a dlr  |a pcc 
043 |a e-uk---  |a n-us--- 
049 |a TXAM 
050 4 |a PN685  |b .A67 
082 0 4 |a 809/.9351  |2 20 
090 |a P1  |b .I61 Electronic 
245 0 0 |a Arthurian interpretations. 
264 1 |a Memphis, Tenn. :  |b Dept. of English, Memphis State University,  |c 1986-1990. 
310 |a Semiannual 
336 |a text  |b txt  |2 rdacontent 
337 |a computer  |b c  |2 rdamedia 
338 |a online resource  |b cr  |2 rdacarrier 
362 1 |a Began with: Vol. 1, no. 1 (fall 1986); ceased with: Vol. 4, no. 2 (spring 1990). 
506 |3 Use copy  |f Restrictions unspecified  |2 star  |5 MiAaHDL 
533 |a Electronic reproduction.  |b [S.l.] :  |c HathiTrust Digital Library,  |d 2010.  |5 MiAaHDL 
580 |a Absorbed by: Quondam et futurus, in 1991 and continued to carry the title and numbering of Arthurian interpretations in parallel to its own numbering. 
583 1 |a digitized  |c 2010  |h HathiTrust Digital Library  |l committed to preserve  |2 pda  |5 MiAaHDL 
588 |a Description based on: Vol. 1, no. 1 (fall 1986); title from PDF cover (JSTOR, viewed June 24, 2011). 
588 |a Final issue consulted: Vol. 4, no. 2 (spring 1990) (JSTOR, viewed June 24, 2011). 
500 |a Electronic resource. 
650 0 |a Arthurian romances  |x History and criticism  |v Periodicals. 
710 2 |a Memphis State University.  |b Department of English. 
776 0 8 |i Print version:  |t Arthurian interpretations  |x 0890-4944  |w (DLC) 94649764  |w (OCoLC)14250471 
780 0 0 |t Interpretations (Memphis, Tenn.)  |w (OCoLC)644157160 
785 1 4 |t Quondam et futurus  |w (DLC) 2011235716  |w (OCoLC)681504016 
948 |a cataloged  |b h  |c 2012/12/20  |d c  |e spoltoratski  |f 2:44:43 pm  |g sc 
994 |a C0  |b TXA 
999 |a MARS 
999 f f |s f5b83927-d5ee-379a-9c55-aaa536af0a2e  |i 9128a533-72e2-321a-a412-9a85493463fb  |t 0 
952 f f |a Texas A&M University  |b College Station  |c Electronic Resources  |d Available Online  |t 0  |e P1 .I61  |g Electronic  |h Library of Congress classification 
998 f f |a P1 .I61  |t 0  |l Available Online